000 00784nam a2200265Ia 4500
003 OSt
005 20220924115342.0
006 a|||||r|||| 00| 0
007 ta
008 220923b |||||||| |||| 00| 0 urd d
020 _a8194180074 (hbk)
020 _cINR 250.00
024 _a352205
037 _b2411, 03/03/2020, M.R. Publications
_cTextual
040 _aARTS
_cARTS
_burd
041 _2urd
_aurd
082 _aO168,1N622:g, Q9
100 _aAzhar Khursheed Au.
_9177915
245 0 _aParwaze sukhan
260 _aDelhi
_bArshia publications India
_c2019
300 _a128p.
_ccm.
650 _aURDU POETRY
942 _hO168,1N622:g, Q9
_cTEXL
_2CC
999 _c397964
_d397964